| 000 | 01757cam a22004694i 4500 | ||
|---|---|---|---|
| 003 | PE-LiUPU | ||
| 005 | 20250731173530.0 | ||
| 008 | 150616s r 000 0 d | ||
| 020 | _a0802836887 | ||
| 035 | _a(Sirsi) i9780802836885 | ||
| 040 |
_aPE-LiUPU _bspa _cPE-LiUPU _erda |
||
| 049 | _aPRUA | ||
| 082 | 0 | 4 |
_a226.06 _bG33 _221 |
| 245 | 0 | 4 |
_aThe Gospel and The Gospels / _cEditado por Peter Stuhlmacher. |
| 264 | 1 |
_aMichigan : _bW. B. Eerdmans Publishing Co., _c1991. |
|
| 300 |
_a412 páginas ; _c23 centímetros |
||
| 336 |
_atext _2rdacontent |
||
| 337 |
_aunmediated _2rdamedia |
||
| 338 |
_avolume _2rdacarrier |
||
| 504 | _aBibliografía al pie de pag. | ||
| 505 | 0 | _aa perspective on the state of the art.- Jesus' gospel of the Kingdom.- The theological center of the sayings source.- The gospel in Jerusalem : Mark 14:12-26 as the Oldest tradition of the early church.- The pauline gospel.- The gospel genre. | |
| 526 | _aSEG42 | ||
| 526 | _aSEG41 | ||
| 526 | _aSEG40 | ||
| 526 | _aSEG39 | ||
| 526 | _aP94 | ||
| 526 | _aP87 | ||
| 526 | _aP86 | ||
| 526 | _aP85 | ||
| 526 | _aP77 | ||
| 526 | _aP76 | ||
| 526 | _aP35 | ||
| 630 |
_aBiblia. _pN.T. _pEvangelios _xCrítica, interpretación, etc. |
||
| 700 | 1 |
_aStuhlmacher, Peter, _eeditor. |
|
| 910 |
_ajck _bjvq _cjck |
||
| 942 |
_2ddc _cBOOK |
||
| 949 |
_a226.06 G33 _wDEWEY _c1 _i54637 _lCCODEBUL1 _mBUL _r0 _sY _tBOOK _u2015-6-16 _xTEOLOGIA _zUNKNOWN _0COMPRA _o.STAFF. Colección General |
||
| 994 |
_aC0 _bPEPRU |
||
| 596 | _a1 | ||
| 999 |
_a226.06 G33 _wDEWEY _c60076 _i54637 _f2021-11-9 _g5 _lCCODEBUL1 _mBUL _r0 _sY _tBOOK _u2015-6-16 _xTEOLOGIA _zUNKNOWN _0COMPRA _o.STAFF. Colección General _d60076 |
||
| 980 |
_81 _gALBERTO SANCHEZ Responsable de Automatización |
||